Fire Emblem: Three Houses Charaktere - Statistiken

Allgemein
  • Dieses Quiz wurde 74 mal gespielt
  • Das Durchschnittsergebnis liegt bei 40 aus 67
Antwortstatistiken
Hint Antwort % Korrekt
Goldene Hirsche Claude
94%
Avatar Byleth
92%
Blaue Löwen Dimitri
92%
Schwarze Adler Edelgard
92%
Goldene Hirsche Hilda
90%
Schwarze Adler Hubert
87%
Blaue Löwen Ashe
86%
Blaue Löwen Dedue
86%
Goldene Hirsche Lorenz
86%
Goldene Hirsche Lysithea
86%
Blaue Löwen Mercedes
86%
Schwarze Adler Dorothea
84%
Blaue Löwen Felix
84%
Schwarze Adler Ferdinand
84%
Schwarze Adler Petra
84%
Kirche der Seiros Rhea
84%
Kirche der Seiros Flayn
83%
Blaue Löwen Ingrid
83%
Blaue Löwen Annette
81%
Goldene Hirsche Marianne
81%
Goldene Hirsche Raphael
81%
Blaue Löwen Sylvain
81%
Schwarze Adler Bernadetta
79%
Schwarze Adler Caspar
78%
Goldene Hirsche Ignatz
78%
Schwarze Adler Linhardt
76%
Kirche der Seiros Seteth
76%
Kirche der Seiros Catherine
75%
Goldene Hirsche Leonie
75%
Händler Anna
73%
Kirche der Seiros Shamir
73%
Göttin Sothis
73%
Kirche der Seiros Hanneman
68%
Kirche der Seiros Alois
67%
Kirche der Seiros Manuela
65%
Silberne Wölfe Yuri
63%
Silberne Wölfe Constance
60%
Silberne Wölfe Hapi
60%
Kirche der Seiros Cyril
59%
Silberne Wölfe Balthus
56%
Kirche der Seiros Gilbert
56%
Garreg Mach Jeritza
56%
Garreg Mach Jeralt
54%
Der Befreier Nemesis
51%
Garreg Mach Tomas
44%
Leicester Judith
43%
Schattenschleicher Kronya
43%
Garreg Mach Torwächter
40%
Schattenschleicher Solon
38%
Königreich Rodrigue
37%
Flammen-Kaiser Todes-Ritter
35%
Kaiserreich Monica
33%
Schattenschleicher Thales
33%
Almyra Nader
27%
Schattenschleicher Cornelia
25%
Flammen-Kaiser Flammen-Kaiser
25%
Abyss Aelfric
24%
Kaiserreich Ladislava
24%
Kaiserreich Randolph
24%
Königreich Lonato
22%
Kaiserreich Arundel
17%
Kaiserreich Fleche
17%
Leicester Holst
16%
Flammen-Kaiser Kostas
14%
Königreich Miklan
14%
Kaiserreich Ludwig
11%
Garreg Mach Sitri
6%
Keine übereinstimmenden Quizze gefunden
Verteilung der Resultate
Anzahl Personen mit jedem Resultat
Perzentil nach korrekt beantworteten Fragen
Ihre Resultats-Entwicklung
Sie haben dieses Quiz noch nicht gespielt